Thư viện Việt Nam

সংরক্ষণ করুন:
গ্রন্থ-পঞ্জীর বিবরন
বিন্যাস: গ্রন্থ
ভাষা:Undetermined
প্রকাশিত: Hà Nội Thư viện Quốc gia Việt Nam 2018
বিষয়গুলি:
ট্যাগগুলো: ট্যাগ যুক্ত করুন
কোনো ট্যাগ নেই, প্রথমজন হিসাবে ট্যাগ করুন!
Thư viện lưu trữ: Trung tâm Học liệu Trường Đại học Cần Thơ
LEADER 00534nam a2200181Ia 4500
001 CTU_234576
008 210402s9999 xx 000 0 und d
020 |c 30000 
082 |a 025 
082 |b Th550 
245 0 |a Thư viện Việt Nam 
245 0 |c Thư viện Quốc gia Việt Nam 
260 |a Hà Nội 
260 |b Thư viện Quốc gia Việt Nam 
260 |c 2018 
650 |a Thư viện học,Library science 
904 |i T.Trang 
980 |a Trung tâm Học liệu Trường Đại học Cần Thơ